| 000 | 00824nam a22002177a 4500 | ||
|---|---|---|---|
| 999 |
_c4407 _d4407 |
||
| 003 | AR-CdUCM | ||
| 008 | 190308b ||||| |||| 00| 0 spa d | ||
| 020 | _a84-329-2923-9 | ||
| 040 |
_aMUNICIPALIDAD PROVINCIAL DEL CUSCO _cBIBLIOTECA MUNICIPAL DEL CUSCO |
||
| 082 |
_a728.084 / _bUL44 |
||
| 100 |
_aUlsamer Puiggari, Federico _913372 |
||
| 245 | _aComo se proyecta una vivienda / | ||
| 260 |
_aBarcelona : _bEdiciones CEAC, _c1960. |
||
| 300 |
_a199 páginas ; _bilustraciones ; _c21 cm. |
||
| 505 | _aContenido: Generalidades -- La vivienda unifamiliar en edificio aislado -- La vivienda unifamiliar en edificación cerrada -- Viviendas plurifamiliares -- Proyecto del jardin ... | ||
| 650 |
_aArquitectura _93356 |
||
| 650 |
_aProyección _913894 |
||
| 650 |
_aViviendas _913065 |
||
| 942 |
_2ddc _cLIBROS |
||
| 945 | _azta | ||